|
|
|
|
| LEADER |
00000nam a2200000 a 4500 |
| 001 |
UCS1048 |
| 003 |
CL-VaPUC |
| 008 |
970506e19660000CL |||||||||||||||||spa|d |
| 082 |
0 |
4 |
|a 347.05
|b SAL
|2 21
|
| 100 |
|
|
|a Salas Vivaldi, Julio Enrique
|e autor
|9 502425
|
| 245 |
1 |
4 |
|a Los incidentes: y en especial el de nulidad procesal
|
| 300 |
|
|
|a 228 p
|
| 942 |
|
|
|c BK
|
| 945 |
|
|
|d 19970506 00:00:00
|a lriquelm
|
| 260 |
|
|
|a Concepción
|b Librotec
|c 1966
|
| 650 |
|
7 |
|a INCIDENTES
|2 CL-VaPUC
|9 385024
|
| 650 |
|
0 |
|a Derecho procesal penal
|9 255496
|
| 650 |
|
0 |
|a Nulidad procesal
|9 336734
|
| 651 |
|
7 |
|a CHILE
|2 CL-VaPUC
|9 385072
|
| 583 |
|
|
|a last modification
|c 19970506 00:00:00
|k Rodrigo Vera
|
| 999 |
|
|
|c 259159
|d 259157
|
| 952 |
|
|
|0 0
|1 0
|4 0
|6 347_050000000000000_SAL_1966
|7 0
|8 A
|9 283749
|a BIBDER
|b BIBDER
|d 2019-11-19
|i 1840479
|o 347.05 SAL 1966
|p 1840479
|r 2023-01-25
|w 2019-11-19
|y BK
|k DER
|